000 00718nam a22001217a 4500
040 _cRUA
082 _aLMA LEA 2024 B701 Or.1
100 _aLEAK MET, លាក់ ម៉េត
245 _aStudy On The Systematic Process Of Land Registration In Prey Phkam Village, Prey Phkam Commune,Angkor Borey District, Takeo Province, សិក្សាអំពីដំណើរការចុះបញ្ចីដីធ្លីមានលក្ខណៈជាប្រព័ន្ធនៅភូមិព្រៃផ្គាំ ឃុំព្រៃផ្គាំ ស្រុកអង្គរបូរី ខេត្តតាកែវ
260 _aPHNOM PENH
_bRUA
_c2024
300 _axi,
_bill,
_c29cm,
942 _cLMA
999 _c25339
_d25339